Loading...
| Fine Arts - Painting & Sculpture | 0 | 7 | 0 | 1 | 70 | 77 | 105.86 | 0 | 4 | 9.49 | 29.15 |
| Science - Biology | 0 | 6 | 0 | 1 | 60 | 37 | 78.67 | 2 | 5 | 14.03 | 29.10 |
| Religion | 0 | 4 | 2 | 2 | 30 | 89 | 112.25 | 0 | 1 | 4.14 | 14.61 |
| Literature - European | 0 | 2 | 0 | 0 | 20 | 96 | 107.00 | 0 | 1 | 3.17 | 8.30 |
| Fine Arts - Other | 0 | 2 | 0 | 0 | 20 | 84 | 91.50 | 0 | 1 | 4.00 | 7.60 |
| Mythology | 0 | 2 | 1 | 0 | 15 | 52 | 62.50 | 1 | 2 | 14.03 | 23.96 |
| Literature - World | 0 | 1 | 0 | 0 | 10 | 137 | 137.00 | 0 | 0 | 0.17 | 1.72 |
| Literature - British | 0 | 1 | 0 | 0 | 10 | 95 | 95.00 | 1 | 1 | 2.05 | 5.88 |
| Science - Chemistry | 0 | 1 | 1 | 0 | 5 | 84 | 84.00 | 0 | 0 | 1.87 | 4.20 |
| History - Other | 0 | 0 | 1 | 0 | -5 | 0.00 | 0 | 0 | 0.00 | 0.00 | |
| Fine Arts - Classical Music | 0 | 0 | 1 | 0 | -5 | 0.00 | 0 | 0 | 0.00 | 0.00 |